|
|
|
|
| LEADER |
00000cam a22000004a 4500 |
| 001 |
musev2_54785 |
| 003 |
MdBmJHUP |
| 005 |
20230905045704.0 |
| 006 |
m o d |
| 007 |
cr||||||||nn|n |
| 008 |
120627s2012 sp o 00 0 spa d |
| 010 |
|
|
|z 2012475830
|
| 020 |
|
|
|a 9788415538455
|
| 040 |
|
|
|a MdBmJHUP
|c MdBmJHUP
|
| 050 |
0 |
4 |
|a HM701
|b .L66 2012
|
| 100 |
1 |
|
|a López de Lizaga, Jose Luis,
|d 1975-
|
| 245 |
1 |
0 |
|a Lenguaje y sistemas sociales :
|b La teoría sociológica de Jürgen Habermas y Niklas Luhmann /
|c Jose Luis López de Lizaga.
|
| 250 |
|
|
|a 1a edición.
|
| 264 |
|
1 |
|a Zaragoza :
|b Prensas Universitarias de Zaragoza,
|c 2012.
|
| 264 |
|
3 |
|a Baltimore, Md. :
|b Project MUSE,
|c 0000
|
| 264 |
|
4 |
|c ©2012.
|
| 300 |
|
|
|a 1 online resource (168 pages).
|
| 336 |
|
|
|a text
|b txt
|2 rdacontent
|
| 337 |
|
|
|a computer
|b c
|2 rdamedia
|
| 338 |
|
|
|a online resource
|b cr
|2 rdacarrier
|
| 490 |
0 |
|
|a Humanidades / Prensas Universitarias de Zaragoza ;
|v 96
|
| 504 |
|
|
|a Includes bibliographical references (pages 163-168).
|
| 588 |
|
|
|a Description based on print version record.
|
| 650 |
|
0 |
|a Sociology
|x Philosophy.
|
| 650 |
|
0 |
|a Social systems.
|
| 600 |
1 |
0 |
|a Luhmann, Niklas,
|d 1927-1998.
|
| 600 |
1 |
0 |
|a Habermas, Jürgen.
|
| 655 |
|
7 |
|a Electronic books.
|2 local
|
| 710 |
2 |
|
|a Project Muse.
|e distributor
|
| 830 |
|
0 |
|a Book collections on Project MUSE.
|
| 856 |
4 |
0 |
|z Texto completo
|u https://projectmuse.uam.elogim.com/book/54785/
|
| 945 |
|
|
|a Project MUSE - Custom Collection
|